000 00940 a2200241 4500
999 _c7644
_d7644
020 _a0262042053 (hc. : alk. paper)
020 _a0262541335 (pbk. : alk. paper)
050 0 0 _aJA71GRE2002
245 0 0 _aGlobal justice and transnational politics :
_bessays on the moral and political challenges of globalization /
_cedited by Pablo De Greiff and Ciaran Cronin.
264 _aEngland:
_bCambridge,
_c2002
300 _avi, 320 p.
440 0 _aStudies in contemporary German social thought
500 _aincludes index
504 _aIncludes bibliographical references and index.
650 0 _aPolitical science
_xPhilosophy.
650 0 _aJustice.
650 0 _aWorld politics.
650 0 _aGlobalization.
700 1 _aDe Greiff, Pablo.
700 1 _aCronin, Ciaran
_q(Ciaran P.)
942 _2lcc
_cBK
_h71
_iGRE
_kJA